000
00306nam a22001337a 4500
003
SGT
020
_a
9789390709434
082
_a
615.19
_b
JAI
100
_a
JAIN GAURAV KUMAR
245
_a
THEORY AND PRACTICAL OF PHYSICAL PHARMACY
260
_a
INDIA
_b
CBS PUB
_c
2025
300
_a
403
942
_2
ddc
_c
BK
999
_c
34442
_d
34442